000 00379cam a2200145ua 4500
041 _amal
_h
082 _a923.2
_bJOH/JA
100 _aJohn, Vazhappilli .
245 _aJawaharlal Nehru: Jeevithavum Chinthayum /
_cJohn Vazhappilli.
_hTextual Documents
260 _aThrissur :
_bCurrent Books ,
_c1966.
300 _a52 ; .
504 _a
942 _cBK
999 _c6132
_d6132